| 000 | 00686nam a2200217Ia 4500 | ||
|---|---|---|---|
| 003 | GCL | ||
| 008 | 140319s9999 xx 000 0 ara d | ||
| 020 | _a5290702977 | ||
| 040 |
_aGCL / _cGCL |
||
| 082 | 0 | 4 |
_a810.9 _bش ف |
| 100 | 1 | _aشوقى ضيف | |
| 245 | 1 | 0 |
_aالفن ومذاهبة فى النثر العربى / _cشوقى ضيف |
| 250 | _aالحادية عشر | ||
| 260 |
_aالقاهرة : _bدار المعارف ، _c1990 |
||
| 300 | _a398 ص | ||
| 490 |
_aمكتبة الدراسات الادبية _v19 |
||
| 650 | 0 | 4 | _aالادب العربى |
| 650 | 0 | 4 | _aالنثر العربى |
| 650 | 0 | 4 | _aالنثر العربى - تاريخ ونقد |
| 942 |
_2ddc _cBK |
||
| 999 |
_c55324 _d55324 |
||